000 00666nam a2200301Ia 4500
005 20260401122227.0
008 008 250103s9999 xx 000 0 eng d
020 _a415314569
037 _aTB
040 _aEDL
040 _beng
040 _cEDL
041 _2eng
041 _aeng
084 _a384.55 WIL
084 _qEDL
100 _aWilliam, Raymond
_91232965
245 0 _aTelevision: Technology and Cultural Form
245 0 _cWilliam, Raymond
260 _aLondon
260 _bRoutledge
260 _c2004
300 _a172p
942 _cTB
942 _h384.55 WIL
999 _c1845790
_d1845790